000 00982nam a22002297a 4500
005 20240530110338.0
008 141022s2010 le gr 001 0dara d
020 _a9789953823485
040 _aEG-CaGPL
082 0 4 _221
_a328.569\
_bم أ
100 0 _aمروان البرغوثى
245 1 2 _aالاداء التشريعى والرقابى والسياسى للمجلس التشريعى الفلسطينى 1996 - 2006 /
_cمروان البرغوثى
260 _aبيروت :
_bمركز دراسات الوحدة العربية ،
_c2010
300 _a384 ص ؛
_c24 سم
490 _aسلسلة اطروحات الدكتوراه ؛
_v90
650 0 4 _aالسلطة التشريعية
_zفلسطين
650 0 4 _aالهيئات التشريعية
650 0 4 _aمنظمة التحرير الفلسطينية
651 0 4 _aفلسطين
_xالاحوال السياسية
942 _2ddc
_cBK
999 _c59824
_d59824